| 000 | 00405nam a2200169 a 4500 | ||
|---|---|---|---|
| 001 | 823 | ||
| 003 | CO-ViMGA | ||
| 008 | 141112s2004 ck r 000 u spa d | ||
| 040 |
_aCO-ViMGA _bspa _cCO-ViMGA |
||
| 082 | 0 | 4 | _a823.5 M873 |
| 100 | 1 | _aMurdoch, Iris | |
| 245 | 1 | 0 | _aLa cabeza cortada |
| 260 |
_aMadrid : _bAlianza, _c1984 |
||
| 300 | _a270 p. | ||
| 650 | 1 | 4 |
_aNOVELA IRLANDESA _92617 |
| 942 |
_2ddc _cBK |
||
| 999 |
_c13059 _d13059 |
||